| 000 | 01078nam a2200205 i 4500 | ||
|---|---|---|---|
| 001 | 185561 | ||
| 003 | ES-MaACL | ||
| 005 | 20250815032629.0 | ||
| 008 | 160712s1880 po |||| | por d | ||
| 245 | 0 | 0 |
_aDocumentos remettidos da India ; ou Libros das Monções / _cpublicado de ordem da Classe das Sciencias Moraes, Politicas e Bellas-lettras da Academia Real das Sciencias de Lisboa. |
| 260 |
_aLisboa : _b[s.n.], _c1880 ( _fTypographia da Academia Real das Sciencias de Lisboa) |
||
| 300 |
_a4 v. ; _c28 cm. |
||
| 490 | 1 |
_aCollecçao de monumentos ineditos para a historia das conquistas dos portuguezes em Africa, Asia e America ; _v7-9, 11. 1ª Serie. Historia de Asia |
|
| 651 | 4 |
_aGoa, Daman y Diu- _xHistoria. _9165055 |
|
| 700 | 1 |
_aPato, Bulhão ( _d1829-1912) _9146747 |
|
| 710 | 2 |
_aAcademia das Ciências de Lisboa. _91159 |
|
| 830 | 0 | 0 |
_aCollecçao de monumentos ineditos para a historia das conquistas dos portuguezes em Africa, Asia e America _v7-9, 11. 1ª Serie. Historia de Asia _9241782 |
| 852 |
_aES-MaACL _jG-6764-67 |
||
| 999 |
_c185561 _d185561 |
||